000 00745nam a22002177a 4500
003 UA-OsUOA
001 126282
007 ta
008 20171017b un ||||| |||| 00| 0 ukr d
100 _aКостюченко О.
090 _a908
_bК72
942 _cSA
040 _aUA-OsUOA
_bukr
_cUA-OsUOA
_dUA-OsUOA
245 _aПро фул-контакт із супротивником. Василь Грицак: "Ми будемо робити все для того, щоб повернути Павла Гриба в Україну" / Про візит до Острога В. Грицака
300 _aС.5
955 _a0
041 _aukr
080 _a908
773 0 _w126281
650 7 _a908 Краєзнавство
_2UDC
999 _c413557
_d413557